<?xml version="1.0" encoding="UTF-8"?>
<collection xmlns="http://www.loc.gov/MARC21/slim">
<record>
  <controlfield tag="001">133035</controlfield>
  <controlfield tag="005">20240321103432.0</controlfield>
  <datafield tag="980" ind1=" " ind2=" ">
    <subfield code="a">REVISTAS</subfield>
    <subfield code="c">UNI</subfield>
  </datafield>
  <datafield tag="540" ind1=" " ind2=" ">
    <subfield code="9">info:eu-repo/semantics/openAccess $a Esta obra está sujeta a una licencia de uso Creative Commons. Se permite la reproducción total o parcial, la distribución, la comunicación pública de la obra y la creación de obras derivadas, siempre que no sea con finalidades comerciales, y sempre que se reconzca la autoria de la obra original.</subfield>
    <subfield code="u">https://creativecommons.org/licenses/by-nc/4.0/</subfield>
  </datafield>
  <datafield tag="710" ind1=" " ind2=" ">
    <subfield code="a">Universidad de Zaragoza</subfield>
  </datafield>
  <datafield tag="856" ind1="4" ind2=" ">
    <subfield code="s">196625258</subfield>
    <subfield code="u">http://zaguan.unizar.es/record/133035/files/1927_numero2.pdf</subfield>
    <subfield code="y">Texto completo (pdf)</subfield>
  </datafield>
  <datafield tag="909" ind1="C" ind2="O">
    <subfield code="o">oai:zaguan.unizar.es:133035</subfield>
    <subfield code="p">driver</subfield>
    <subfield code="p">revistas</subfield>
  </datafield>
  <datafield tag="245" ind1=" " ind2=" ">
    <subfield code="a">Universidad. Revista de cultura y vida universitaria, Año 4, N.2, (1927)</subfield>
  </datafield>
  <datafield tag="260" ind1=" " ind2=" ">
    <subfield code="a">Zaragoza</subfield>
    <subfield code="c">1927</subfield>
  </datafield>
  <datafield tag="520" ind1=" " ind2=" ">
    <subfield code="a">INDICE DE CONTENIDOS: FILOSOFÍA Y LETRAS  La creación según Santo Tomás, por Salvador Mínguijón. p. 233 El teatro en Zaragoza antes del siglo XIX, por Andrés Giménez Soler. p. 243 Algunas influencias del Fausto, de Goethe, en España (conclusión), por José M. Pabón Suárez de Urbina p. 297 Un Rector de Valdaltormo (conclusión), por Santiago Vidíella. p. 323  DERECHO Legislación foral de Don Rodrigo Jiménez de Rada. Fuero de Brihuega (conclusión), por Enrique Luño Peña. p. 355 Notas acerca del origen y fundamento del derecho de propiedad, por Miguel Sancho Izquierdo. p. 385  MEDICINA Modernas aportaciones al trátamiento médico del glaucoma, por Buenaventura Carreras Durán. p. 399  CIENCIAS Estudios sobre la descomposición del H2 O2 .- Rendimiento de la reducción anódica, por José M.ª Albareda y Herrera. p. 413 Absorción de la luz por extinción, por Eduardo M.ª Gálvez Laguarta. p. 429  VIDA UNIVERSITARIA Fisiología y Biología, resumen del curso dado por el Dr. Joaquín Xirau Palau. p. 437 La reforma universitaria. Iniciación de la autonomía, por Carlos Sánchez Peguero. p. 477  Bibliografía.   Revista de revistas. p. 545</subfield>
  </datafield>
  <datafield tag="041" ind1=" " ind2=" ">
    <subfield code="a">spa</subfield>
  </datafield>
  <datafield tag="538" ind1=" " ind2=" ">
    <subfield code="a">Texto completo. Available electronically via Internet</subfield>
  </datafield>
</record>
</collection>